01005 a2200217 4500003000500000005001700005010001700022020001500039020001800054040000900072082001500081100002200096245009500118250001200213260006000225300001100285505040300296650003400699700002500733700002900758Nust20230907124828.0 a 2009025662 c0136019692 c9780136019695 cNust00a629.83,FRA1 aFranklin, Gene F.10aFeedback control of dynamic systems /cGene Franklin, J. David Powell, Abbas Emami-Naeini. a6th ed. aUpper Saddle River, NJ :bPearson Prentice Hall,c2010. ap. cm. aAn Overview and Brief History of Feedback Control (Page-1), Dynamic Models (Page-20), Dynamic Response (Page-74), A First Analysis of Feedback (Page-170), The Root-Locus Design Method (Page- 220), The Frequency-Response Design Method (Page-296), State-Space Design (Page-413), Digital Control (Page-558), Nonlinear Systems (Page-599), Control System Design: Principles and Case Studies (Page-660), 0aTelecommunication Engineering1 aEmami-Naeini, Abbas.1 aPowell, J. David,d1938-